Číslicové spracovanie signálov. Biosignály /

Gespeichert in:
Bibliographische Detailangaben
Hauptverfasser: Ondráček, Oldřich, 1950- (Verfasst von), Cocherová, Elena, 1970- (Verfasst von), Gašparík, Ivan (Verfasst von), Púčik, Jozef, 1972- (Verfasst von)
Format: Buch
Sprache:Slowakisch
Veröffentlicht: Bratislava : STU, 2007
Schlagworte:
Tags: Tag hinzufügen
Keine Tags, Fügen Sie das erste Tag hinzu!

MARC

LEADER 00000nam a22000003a 4500
001 stu154771
005 20221212122450.1
008 080111s2007------------------------slo-d
020 |a 978-80-227-2695-5 
040 |a STU  |b slo 
041 0 |a slo 
080 |a 621.397 
080 |a 004.072.6 
100 1 |a Ondráček, Oldřich,  |d 1950-  |4 aut  |u E030  |U FEI Fakulta elektrotechniky a informatiky  |T FEI Ústav elektroniky a fotoniky  |X 2082  |U E030  |Y 549  |7 A000002082 
242 0 0 |a Numerical Processing of Signals. Biosignals  |y eng 
245 1 |a Číslicové spracovanie signálov. Biosignály /  |c Aut.: Ondráček, O. a kol. 
260 |a Bratislava :  |b STU,  |c 2007 
300 |a 313 s 
650 7 |a spracovanie signálov  |2 stusub 
650 7 |a prenos dát  |2 stusub 
700 1 |a Cocherová, Elena,  |d 1970-  |4 aut  |u E030  |U FEI Fakulta elektrotechniky a informatiky  |T FEI Ústav elektroniky a fotoniky  |X 1900  |U E030  |Y 549  |7 A000001900 
700 1 |a Gašparík, Ivan  |4 aut 
700 1 |a Púčik, Jozef,  |d 1972-  |4 aut  |u E030  |U FEI Fakulta elektrotechniky a informatiky  |T FEI Ústav elektroniky a fotoniky  |X 1922  |U E030  |Y 549  |7 A000001922 
996 |b 284ES25930  |c E*S-44355  |l EE01  |s A  |a 24  |w stu154771_0001 
996 |b 284EK88620  |c E*88620  |l EE12  |s P  |a 0  |w stu154771_0002 
996 |b 284ES25929  |c E*S-44356  |l EE01  |s A  |a 24  |w stu154771_0003 
996 |b 284EK88146  |c E*88146  |l EE0105  |s P  |a 0  |w stu154771_0004 
996 |b 284ES25928  |c E*S-44357  |l EE01  |s A  |a 24  |w stu154771_0006 
996 |b 284ES25927  |c E*S-44358  |l EE01  |s A  |a 24  |w stu154771_0007 
996 |b 284ES25926  |c E*S-44359  |l EE01  |s A  |a 24  |w stu154771_0008 
996 |b 284ES25925  |c E*S-44360  |l EE01  |s A  |a 24  |w stu154771_0009 
996 |b 284ES25924  |c E*S-44361  |l EE01  |s A  |a 24  |w stu154771_0010 
996 |b 284ES25923  |c E*S-44362  |l EE01  |s A  |a 24  |w stu154771_0011 
996 |b 284ES25922  |c E*S-44363  |l EE01  |s A  |a 24  |w stu154771_0012 
996 |b 284ES25921  |c E*S-44364  |l EE01  |s A  |a 24  |w stu154771_0013 
996 |b 284ES25920  |c E*S-44365  |l EE01  |s A  |a 24  |w stu154771_0014 
996 |b 284ES25919  |c E*S-44366  |l EE01  |s A  |a 24  |w stu154771_0015 
996 |b 284ES25918  |c E*S-44367  |l EE01  |s A  |a 24  |w stu154771_0016 
996 |b 284ES25917  |c E*S-44368  |l EE01  |s A  |a 24  |w stu154771_0017 
996 |b 284ES25916  |c E*S-44369  |l EE01  |s A  |a 24  |w stu154771_0018 
996 |b 284ES25915  |c E*S-44370  |l EE01  |s A  |a 24  |w stu154771_0019 
996 |b 284ES25914  |c E*S-44371  |l EE01  |s A  |a 24  |w stu154771_0020 
996 |b 284ES25913  |c E*S-44372  |l EE01  |s A  |a 24  |w stu154771_0021 
996 |b 284ES25912  |c E*S-44373  |l EE01  |s A  |a 24  |w stu154771_0022 
996 |b 284ES25911  |c E*S-44374  |l EE01  |s A  |a 24  |w stu154771_0023 
996 |b 284ES25910  |c E*S-44375  |l EE01  |s A  |a 24  |w stu154771_0024 
996 |b 284ES25909  |c E*S-44376  |l EE01  |s A  |a 24  |w stu154771_0025 
996 |b 284ES25908  |c E*S-44377  |l EE01  |s A  |a 24  |w stu154771_0026 
996 |b 284ES26894  |c E*S-44378  |l EE01  |s A  |a 24  |w stu154771_0027 
996 |b 284ES25906  |c E*S-44379  |l EE01  |s A  |a 24  |w stu154771_0028 
996 |b 284ES25905  |c E*S-44380  |l EE01  |s A  |a 24  |w stu154771_0029 
996 |b 284ES25904  |c E*S-44381  |l EE01  |s A  |a 24  |w stu154771_0030 
996 |b 284ES25903  |c E*S-44382  |l EE01  |s A  |a 24  |w stu154771_0031 
996 |b 284ES25902  |c E*S-44383  |l EE01  |s A  |a 24  |w stu154771_0032 
996 |b 284ES25901  |c E*S-44384  |l EE01  |s A  |a 24  |w stu154771_0033